Carlo Villa Corpo a cuore

Gardado en:
Detalles Bibliográficos
Formato: Libro
Idioma:lingua descoñecida ou non válida
Publicado: Bastoggi
Tags: Engadir etiqueta
Sen Etiquetas, Sexa o primeiro en etiquetar este rexistro!

MARC

LEADER 00000nam a2200000Ia 4500
001 R-135
003 CODICE-MESSINA
005 20260212102447.0
008 260211s9999 xx 000 0 und d
040 |c importazione_messina 
245 0 |a Carlo Villa 
245 0 |b Corpo a cuore 
260 |b Bastoggi 
942 |2 ddc  |c BK 
952 |0 0  |1 0  |2 ddc  |4 0  |6 SCAFFALE_2_000000000000000__ARTE  |7 0  |9 30956  |a ME  |b ME  |d 2026-02-11  |l 0  |o SCAFFALE 2 - ARTE  |p R-135  |r 2026-02-11 23:52:14  |w 2026-02-11  |x [REVISIONARE]  |y BK 
999 |c 26618  |d 26618